000 00331nam a2200145Ia 4500
008 150201s2005 xx 000 0 und d
082 _a618.1
_bG05D
100 _aDUTTA , D.C.
245 _aTB. OF GYNAECOLOGY
250 _a4TH
260 _bNBC
_aCALCATA
_c2005
300 _a606
650 _aOBST. & GYNEA.
942 _2ddc
_cBK
_06
999 _c1869
_d1869